| 000 | 00583nam a22002057a 4500 | ||
|---|---|---|---|
| 003 | SEACOMEC | ||
| 005 | 20240802120415.0 | ||
| 008 | 240802b |||||||| |||| 00| 0 eng d | ||
| 020 |
_a9789353062682 _c375.00 |
||
| 040 | _aSEACOMEC | ||
| 082 |
_a658.45 _bB783 |
||
| 100 | _aBovée, Courtland L | ||
| 245 |
_aBusiness communication today _cCourtland L. Bovée, John V Thill, and , Barbara E. Schatzman |
||
| 250 | _a7th ed | ||
| 260 |
_aDelhi _bPearson education _c2003 |
||
| 300 | _axxvi,606p | ||
| 700 | _aThill, John V.; | ||
| 700 | _aSchatzman, Barbara E. | ||
| 942 | _cBOOK | ||
| 999 |
_c1508 _d1508 |
||